000 03469nam0a2200421 4500
001 RU\NLR\BIBL_A\022350893
005 20260420015746.0
010 _a978-5-91326-894-5
_9100
021 _aRU
_bКН-П-24-051748
_9КН-П-24-5146
035 _a(NLR Aleph) 022350893
090 _a13667228
_c13667228
100 _a20241011d2024 u y0rusy50 ca
101 0 _arus
102 _aRU
105 _aa j 000yy
181 0 _ai3
_baxxe
182 0 _an
200 1 _aМатериалы и технология мазей, гелей, трансдермальных пластырей, полимерных пленок и контроль их качества
_eучебное пособие
_eдля студентов ННГУ, обучающихся по направлению подготовки 04.04.01 "Химия"
_fМельникова Н. Б., Коннова М. А., Пантелеев Д. А. [и др.]
_gМинистерство науки и высшего образования Российской Федерации, Федеральное государственное автономное образовательное учреждение высшего образования "Национальный исследовательский Нижегородский государственный университет им. Н. И. Лобачевского"
203 _aТекст
_bвизуальный
_cнепосредственный
210 _aНижний Новгород
_cФедеральное государственное автономное образовательное учреждение высшего образования "Национальный исследовательский Нижегородский государственный университет им. Н. И. Лобачевского"
_d2024
215 _a85 с.
_cил., цв. ил., табл.
_d21
300 _aАвт. указаны на обороте тит. с. в макете
320 _aБиблиогр.: с. 68-69 (16 назв.)
606 1 _aПарфюмерно-косметическое производство
_jУчебные издания для высших учебных заведений
_9989713
_3RU\NLR\AUTH\6655696
606 1 _aЛекарственные формы мягкие
_jУчебные издания для высших учебных заведений
_xПроизводство
_91888532
_3RU\NLR\AUTH\66858750
606 1 _aЛекарственные формы мягкие
_jУчебные издания для высших учебных заведений
_xКачество
_xКонтроль
_92465511
_3RU\NLR\AUTH\6601681983
686 1 _aЛ684я73-1
686 1 _aЛ663.2я73-1
686 1 _aР282.523я73
701 1 _aМельникова
_bН. Б.
_cд-р хим. наук, фармакология
_gНина Борисовна
_9153274
_3RU\NLR\AUTH\770153312
701 1 _aКоннова
_bМ. А.
_gМария Алексеевна
701 1 _aПантелеев
_bД. А.
_gДмитрий Александрович
712 0 2 _4475
_aНациональный исследовательский Нижегородский государственный университет им. Н. И. Лобачевского
_92643385
_3RU\NLR\AUTH\880617520
942 _cBOOK
980 _aNB